<?xml version="1.0" encoding="UTF-8"?>
<record
    xmlns:xsi="http://www.w3.org/2001/XMLSchema-instance"
    xsi:schemaLocation="http://www.loc.gov/MARC21/slim http://www.loc.gov/standards/marcxml/schema/MARC21slim.xsd"
    xmlns="http://www.loc.gov/MARC21/slim">

  <leader>02728cam a2200349 a 4500</leader>
  <controlfield tag="003">EG-GiCUC</controlfield>
  <controlfield tag="005">20250223031741.0</controlfield>
  <controlfield tag="008">170708s2016    ua dh  f m    000 0 eng d</controlfield>
  <datafield tag="040" ind1=" " ind2=" ">
    <subfield code="a">EG-GiCUC</subfield>
    <subfield code="b">eng</subfield>
    <subfield code="c">EG-GiCUC</subfield>
  </datafield>
  <datafield tag="041" ind1="0" ind2=" ">
    <subfield code="a">eng</subfield>
  </datafield>
  <datafield tag="049" ind1=" " ind2=" ">
    <subfield code="a">Deposite</subfield>
  </datafield>
  <datafield tag="097" ind1=" " ind2=" ">
    <subfield code="a">M.Sc</subfield>
  </datafield>
  <datafield tag="099" ind1=" " ind2=" ">
    <subfield code="a">Cai01.11.28.M.Sc.2016.Ah.R</subfield>
  </datafield>
  <datafield tag="100" ind1="0" ind2=" ">
    <subfield code="a">Ahmed Mahmoud Sabry Ibrahim</subfield>
  </datafield>
  <datafield tag="245" ind1="1" ind2="0">
    <subfield code="a">Role of inhaled beta-2 agonist salbutamol in management of transient tachypnea of the newborn / </subfield>
    <subfield code="c">Ahmed Mahmoud Sabry ; Supervised Mona Mohsen Elattar , Dalia Ahmed Khairy , Dina Mohamed Akmal</subfield>
  </datafield>
  <datafield tag="246" ind1="1" ind2="5">
    <subfield code="a">&#x62F;&#x648;&#x631; &#x627;&#x633;&#x62A;&#x646;&#x634;&#x627;&#x642; &#x627;&#x644;&#x633;&#x627;&#x644;&#x628;&#x64A;&#x648;&#x62A;&#x627;&#x645;&#x648;&#x644; &#x627;&#x62D;&#x62F; &#x645;&#x646;&#x628;&#x647;&#x627;&#x62A; &#x628;&#x64A;&#x62A;&#x627; &#x627;&#x644;&#x62B;&#x646;&#x627;&#x626;&#x64A;&#x629; &#x641;&#x649; &#x639;&#x644;&#x627;&#x62C; &#x627;&#x644;&#x625;&#x633;&#x631;&#x627;&#x639; &#x627;&#x644;&#x62A;&#x646;&#x641;&#x633;&#x649; &#x627;&#x644;&#x639;&#x627;&#x628;&#x631; &#x644;&#x62F;&#x649; &#x62D;&#x62F;&#x64A;&#x62B;&#x649; &#x627;&#x644;&#x648;&#x644;&#x627;&#x62F;&#x629;</subfield>
  </datafield>
  <datafield tag="260" ind1=" " ind2=" ">
    <subfield code="a">Cairo : </subfield>
    <subfield code="b">Ahmed Mahmoud Sabry Ibrahim , </subfield>
    <subfield code="c">2016</subfield>
  </datafield>
  <datafield tag="300" ind1=" " ind2=" ">
    <subfield code="a">91 P. : </subfield>
    <subfield code="b">charts , facsimiles ; </subfield>
    <subfield code="c">25cm</subfield>
  </datafield>
  <datafield tag="502" ind1=" " ind2=" ">
    <subfield code="a">Thesis (M.Sc.) - Cairo University - Faculty of Medicine - Department of Pediatrics</subfield>
  </datafield>
  <datafield tag="520" ind1=" " ind2=" ">
    <subfield code="a">Backround: Postnatal respiratory complications among term infants are common. The most commonly reported cause of neonatal respiratory distress is transient tachypnea of the newborn with estimated incidence of 1% to 2% of all newborns. Objectives: The aim of this study is to evaluate the efficacy of inhaled salbutamol, a beta-2 adrenergic agonist, for the treatment of transient tachypnea of the newborn and to determine whether inhaled salbutamol is safe in newborn infants. Methods:It is randomized controlled trial study considering patient with even registration number as cases. Inhaled salbutamol, or normal saline solution will be administered to 60 infants with gestational ages ranging from 36 to 39 weeks and diagnosed as transient tachypnea of the newborn. The response to inhaled drugs therapy will be evaluated by determining: respiratory rate, heart rate, clinical score of transient tachypnea of the newborn, level of respiratory support, fraction of inspired oxygen, before and at 30 minutes and 1 and 4 hours after drugs therapy. The duration and level of total respiratory support will be assigned along with the duration of hospitalization. The standard dose of salbutamol was 0.15 mg/kg (bertrand et al., 2001). The second group received dose of 2ml neubilized 0.9% normal saline only</subfield>
  </datafield>
  <datafield tag="530" ind1=" " ind2=" ">
    <subfield code="a">Issued also as CD</subfield>
  </datafield>
  <datafield tag="653" ind1=" " ind2="4">
    <subfield code="a">Inhaled B2 agonist</subfield>
  </datafield>
  <datafield tag="653" ind1=" " ind2="4">
    <subfield code="a">Salbutamol</subfield>
  </datafield>
  <datafield tag="653" ind1=" " ind2="4">
    <subfield code="a">Transient tachypnea of newborn</subfield>
  </datafield>
  <datafield tag="700" ind1="0" ind2=" ">
    <subfield code="a">Dalia Ahmed Khairy , </subfield>
    <subfield code="e">Supervisor</subfield>
  </datafield>
  <datafield tag="700" ind1="0" ind2=" ">
    <subfield code="a">Dina Mohamed Akmal , </subfield>
    <subfield code="e">Supervisor</subfield>
  </datafield>
  <datafield tag="700" ind1="0" ind2=" ">
    <subfield code="a">Mona Mohsen Elattar , </subfield>
    <subfield code="e">Supervisor</subfield>
  </datafield>
  <datafield tag="856" ind1=" " ind2=" ">
    <subfield code="u">http://172.23.153.220/th.pdf</subfield>
  </datafield>
  <datafield tag="905" ind1=" " ind2=" ">
    <subfield code="a">Nazla</subfield>
    <subfield code="e">Revisor</subfield>
  </datafield>
  <datafield tag="905" ind1=" " ind2=" ">
    <subfield code="a">Samia</subfield>
    <subfield code="e">Cataloger</subfield>
  </datafield>
  <datafield tag="942" ind1=" " ind2=" ">
    <subfield code="2">ddc</subfield>
    <subfield code="c">TH</subfield>
  </datafield>
  <datafield tag="999" ind1=" " ind2=" ">
    <subfield code="c">61490</subfield>
    <subfield code="d">61490</subfield>
  </datafield>
  <datafield tag="952" ind1=" " ind2=" ">
    <subfield code="2">ddc</subfield>
    <subfield code="7">0</subfield>
    <subfield code="a">CUCL</subfield>
    <subfield code="b">cl210</subfield>
    <subfield code="d">2024-02-11</subfield>
    <subfield code="o">Cai01.11.28.M.Sc.2016.Ah.R</subfield>
    <subfield code="p">01010110072065000</subfield>
    <subfield code="r">2023-09-22 00:00:00</subfield>
    <subfield code="y">TH</subfield>
  </datafield>
  <datafield tag="952" ind1=" " ind2=" ">
    <subfield code="2">ddc</subfield>
    <subfield code="7">0</subfield>
    <subfield code="a">CUCL</subfield>
    <subfield code="b">cl2u8</subfield>
    <subfield code="d">2024-02-11</subfield>
    <subfield code="o">Cai01.11.28.M.Sc.2016.Ah.R</subfield>
    <subfield code="p">01020110072065000</subfield>
    <subfield code="r">2023-09-22 00:00:00</subfield>
    <subfield code="t">72065.CD</subfield>
    <subfield code="y">CD</subfield>
  </datafield>
</record>
